Política ultramarina, que abraza todos los puntos referentes a las relaciones de España con los Estados Unidos, con la Inglaterra y las Antillas, y señaladamente con la isla de Santo Domingo / (Record no. 166474)

MARC details
000 -LEADER
campo de control de longitud fija 01476nam a22002535i 4500
001 - NÚMERO DE CONTROL
campo de control 166474
003 - IDENTIFICADOR DE NÚMERO DE CONTROL
campo de control ES-MaACL
005 - FECHA Y HORA DE LA ÚLTIMA TRANSACCIÓN
campo de control 20250930063147.0
008 - DATOS DE LONGITUD FIJA--INFORMACIÓN GENERAL
campo de control de longitud fija 981002s1854 sp |||| | spa d
100 1# - ENTRADA PRINCIPAL--NOMBRE DE PERSONA
Nombre de persona Torrente, Mariano,
Fechas asociadas al nombre 1792-1856
9 (RLIN) 133323
245 10 - MENCIÓN DEL TÍTULO
Título Política ultramarina, que abraza todos los puntos referentes a las relaciones de España con los Estados Unidos, con la Inglaterra y las Antillas, y señaladamente con la isla de Santo Domingo /
Mención de responsabilidad, etc. por Don Mariano Torrente.
260 ## - PUBLICACIÓN, DISTRIBUCIÓN, ETC.
Lugar de publicación, distribución, etc. Madrid :
Nombre del editor, distribuidor, etc. [s.n.],
Fecha de publicación, distribución, etc. 1854 (
Fabricante Imp. de la Compañía general de Impresores y Libreros del Reino, a cargo de D. A. Avrial)
300 ## - DESCRIPCIÓN FÍSICA
Extensión VIII, 444 p., [1] h. pleg. ;
Dimensiones 22 cm.
505 8# - NOTA DE CONTENIDO CON FORMATO
Nota de contenido con formato Contiene: Primera parte: Política general de los Estados Unidos con la España ; Segunda parte: Cuestiones económico-políticas . Tercera parte: Sección I. Descripción geográfica, histórica y política de la República Dominicana ; Sección II. Descripción histórica, estadística y política del Imperio de Haity
530 ## - NOTA DISPONIBLE DE FORMULARIO FÍSICO ADICIONAL
Nota de formato físico adicional disponible Disponible en formato digital.
596 ## - NOTA AL PIE DE IMPRENTA
NOTA AL PIE DE IMPRENTA Marca tip. en port.
650 #4 - PUNTO DE ACCESO ADICIONAL DE MATERIA--TÉRMINO DE MATERIA
Término de materia o nombre geográfico como elemento de entrada Esclavitud-
Subdivisión geográfica Cuba.
9 (RLIN) 138905
651 #4 - PUNTO DE ACCESO ADICIONAL DE MATERIA--NOMBRE GEOGRÁFICO
Nombre geográfico España-
Subdivisión general Relaciones-
Subdivisión geográfica Estados Unidos
9 (RLIN) 8462
651 #4 - PUNTO DE ACCESO ADICIONAL DE MATERIA--NOMBRE GEOGRÁFICO
Nombre geográfico Estados Unidos-
Subdivisión general Relaciones-
Subdivisión geográfica España.
9 (RLIN) 169150
651 #4 - PUNTO DE ACCESO ADICIONAL DE MATERIA--NOMBRE GEOGRÁFICO
Nombre geográfico La Española-
Subdivisión general Descripción.
9 (RLIN) 171609
852 ## - LOCALIZACIÓN
Ubicación ES-MaACL
Número de control de estantería G-3812
856 4# - LOCALIZACIÓN Y ACCESO ELECTRÓNICOS
Identificador Uniforme de Recursos <a href="http://bdh-rd.bne.es/viewer.vm?id=0000077555&page=1 ">http://bdh-rd.bne.es/viewer.vm?id=0000077555&page=1 </a>
Nota pública Biblioteca Digital Hispánica
Holdings
Estatus retirado Estado de pérdida Estado de daño No para préstamo Colección Biblioteca de origen Biblioteca actual Ubicación en estantería Fecha de adquisición Fuente de adquisición Total de préstamos Signatura topográfica completa Código de barras Visto por última vez Precio de reemplazo Tipo de ítem Koha
        Colección digital Biblioteca del Ateneo de Madrid Biblioteca del Ateneo de Madrid Depósito 2 17/01/2008     G-3812 1174599 23/02/2023 23/02/2023 Libro impreso antiguo